| 000 | 01335nam a22003617a 4500 | ||
|---|---|---|---|
| 003 | CHAP | ||
| 005 | 20220329143703.0 | ||
| 008 | 110124s2009 mx r 00010 spa d | ||
| 010 | _a100338 | ||
| 011 | _a101310 | ||
| 020 | _a978-607-402-168-4 | ||
| 020 | _a9786071201157 | ||
| 035 | _a111997 | ||
| 040 | _cCHAP | ||
| 082 | 0 | 4 |
_a338.9098 _bR26 |
| 245 | 0 | 0 |
_aRegiones y territorios en América Latina : _bun debate abierto sobre sus procesos de cambio _c/coordinado por Luis Llanos Hernández y Beatriz del Socorro Nates Cruz |
| 260 |
_aMéxico, D.F. : _bUACH : _bPlaza y Valdéz, _c2009 |
||
| 300 |
_a226 p. : _bdiagramas, tabla |
||
| 590 |
_aBATCH-UPD _b10 _c20130110 _lUCH01 _h1324 |
||
| 590 |
_aBATCH-UPD _b10 _c20130410 _lUCH01 _h0832 |
||
| 590 |
_aBATCH-UPD _b10 _c20130914 _lUCH01 _h1631 |
||
| 590 |
_aCONVERSION _b10 _c20130109 _lUCH01 _h1355 |
||
| 650 | 1 | 4 |
_aAmerica Latina _xAspectos economicos. _95385 |
| 650 | 1 | 4 |
_aAmerica Latina _xCondiciones sociales. _95395 |
| 650 | 1 | 4 |
_aAmerica Latina _xCultura. _95397 |
| 650 | 1 | 4 |
_aIndios de América Latina _xCultura. _957588 |
| 700 | 0 |
_aLlanos Hernández, Luis _e, coord. _967265 |
|
| 700 | 1 |
_aNates Cruz, Beatriz del Socorro _e, coord. _980288 |
|
| 901 | _aBK | ||
| 911 | _aen proceso | ||
| 942 | _cLIBRO | ||
| 949 |
_a338.9098 R26 _bBC _cUACH _d33724002229728 _eUACH _h14125 _i111997 _sb |
||
| 999 |
_c100338 _d100338 |
||